000 00545cam a2200217 4500
001 J2526
008 090401t1994 xxu||||| |||| 00| 0 eng d
035 _a(Sirsi) u49618
041 _aeng
050 _a711.73
110 _aKnight Frank and Rutley
_91990
245 4 _aThe M25 development report 1994.
260 _aLondon
_bKnight Frank & Rutley
_c1994
300 _a8p. : ill. ; 30cm.
350 _a0
650 _aBUSINESS SPACE
650 _aOFFICES
690 _aPROPERTY-COMMERCIAL PROPERTY
942 _n0
948 _c04/03/1997
999 _c92582
_d92582